| 000 | 00653 a2200217 4500 | ||
|---|---|---|---|
| 001 | 19127 | ||
| 999 |
_c19127 _d5825 |
||
| 003 | TR-AnTOB | ||
| 005 | 20190322121939.0 | ||
| 008 | 041102s2004 tu tur | ||
| 020 | _a9756335017 | ||
| 041 | _atur | ||
| 050 |
_aHC493.İ88 _bİ8 2004 |
||
| 090 | _aHC493.İ88 İ8 2004 | ||
| 245 | 0 |
_aİstanbul'da enformal sektör işportacılar Eminönü ilçesinde bir alan araştırması / _cTekin Akgeyik...[et al.]. |
|
| 264 | 1 |
_aErguvan Yayınevi, _b, _c2004 |
|
| 300 |
_a143 p. : _btables ; _c21 cm. |
||
| 490 | 0 |
_aErguvan; 2. _aAraştırma; 1 |
|
| 651 |
_aEminönü (İstanbul, Türkiye) _xEkonomik durum _911466 |
||
| 902 | _a0003437 | ||
| 942 | _cBK | ||